[Event "SV Günnigfeld 1 - SV Wattenscheid 3"]
[Site "Verbandsklasse - Gruppe 1 201"]
[Date "2018.12.02"]
[Round "4.1"]
[White "Leveikina, Jevgenija"]
[Black "Freisen, Thomas"]
[Result "1-0"]
[WhiteElo "2035"]
[BlackElo "1975"]
[Annotator "Daniel"]
[PlyCount "71"]
[EventDate "2018.??.??"]

1. d4 Nf6 2. Nf3 e6 3. Bf4 c5 4. c3 b6 5. e3 Bb7 6. Nbd2 d6 7. h3 Be7 8. Be2
Nbd7 9. O-O O-O 10. a4 a6 11. Nc4 d5 12. Ncd2 Ne8 $11 13. Qb1 Nd6 14. Bd3 h6
15. b4 cxb4 16. cxb4 Rc8 17. a5 Nc4 18. e4 Nxd2 19. Bxd2 dxe4 20. Bxe4 Bxe4 21.
Qxe4 Qc7 22. axb6 Qxb6 23. Qe2 Nb8 24. d5 Bf6 25. Ra5 exd5 26. Rxd5 Nc6 27. Qe4
Rfe8 28. Qg4 Kh8 29. Rd6 Rcd8 30. Rxf6 gxf6 31. Bxh6 Rg8 32. Qh4 Qxb4 33. Qxf6+
Kh7 34. Ng5+ Rxg5 35. Bxg5 Rg8 36. Qh6# 1-0

[Event "SV Günnigfeld 1 - SV Wattenscheid 3"]
[Site "Verbandsklasse - Gruppe 1 201"]
[Date "2018.12.02"]
[Round "4.2"]
[White "Kuekenbrink, Christopher"]
[Black "Wolf, Ulrich"]
[Result "0-1"]
[WhiteElo "1859"]
[BlackElo "2042"]
[PlyCount "80"]
[EventDate "2018.??.??"]

1. Nf3 c5 2. c4 b6 3. g3 Bb7 4. Bg2 Nf6 5. O-O e6 6. Nc3 a6 7. Re1 d6 8. d4
cxd4 9. Qxd4 Qc7 10. Be3 Nbd7 11. b4 Rc8 12. Na4 Be7 13. Rac1 e5 14. Qb2 O-O
15. Bh3 Rb8 16. Red1 Rfd8 17. Qb3 Ba8 18. Bg2 Rdc8 19. h3 Ne4 20. Nd2 Nxd2 21.
Bxd2 Bxg2 22. Kxg2 Qb7+ 23. Kg1 Qe4 24. Qd3 Qxd3 25. exd3 h6 26. a3 f5 27. Be3
g5 28. f4 gxf4 29. gxf4 Kf7 30. Kf2 Rg8 31. Rg1 exf4 32. Bxf4 h5 33. d4 Bf6 34.
Rcd1 Rxg1 35. Kxg1 Rc8 36. c5 b5 37. Nc3 dxc5 38. dxc5 Nxc5 39. Nxb5 axb5 40.
Rc1 Rg8+ 0-1

[Event "SV Günnigfeld 1 - SV Wattenscheid 3"]
[Site "Verbandsklasse - Gruppe 1 201"]
[Date "2018.12.02"]
[Round "4.3"]
[White "Thelen, Thomas"]
[Black "Markus, Peter"]
[Result "0-1"]
[WhiteElo "1979"]
[BlackElo "1950"]
[PlyCount "35"]
[EventDate "2018.??.??"]

1. d4 d5 2. Nf3 Nf6 3. c4 c6 4. e3 e6 5. Nc3 Nbd7 6. Qc2 Bd6 7. Bd2 O-O 8. Rd1
Qe7 9. Be2 dxc4 10. Bxc4 e5 11. O-O h6 12. dxe5 Nxe5 13. Nxe5 Qxe5 14. f4 Qe7
15. e4 Bc5+ 16. Kh1 Ng4 17. e5 Qh4 18. h3 0-1

[Event "SV Günnigfeld 1 - SV Wattenscheid 3"]
[Site "Verbandsklasse - Gruppe 1 201"]
[Date "2018.12.02"]
[Round "4.4"]
[White "Radi, Guenter"]
[Black "Peter, Thomas"]
[Result "0-1"]
[WhiteElo "1899"]
[BlackElo "2127"]
[PlyCount "80"]
[EventDate "2018.??.??"]

1. d4 Nf6 2. Nf3 g6 3. c4 Bg7 4. Nc3 O-O 5. Bg5 d6 6. e3 c6 7. Be2 Qc7 8. O-O
Nbd7 9. Rc1 h6 10. Bh4 g5 11. Bg3 Nh5 12. Ne1 Nxg3 13. hxg3 e5 14. d5 f5 15.
Qd2 Nf6 16. Rd1 c5 17. a3 a6 18. b4 b6 19. Rb1 Bd7 20. Nd3 Rfb8 21. bxc5 bxc5
22. Rxb8+ Rxb8 23. Rb1 e4 24. Rxb8+ Qxb8 25. Nc1 Be8 26. Qc2 Nd7 27. Nd1 Ne5
28. f4 Nd7 29. g4 gxf4 30. exf4 Qd8 31. g3 Qa5 32. gxf5 Qe1+ 33. Kg2 Bd4 34.
Bf1 Bh5 35. Nf2 Bf3+ 36. Kg1 Bxf2+ 37. Qxf2 Qxc1 38. Kh2 Nf6 39. Kg1 Ng4 40.
Qa2 Qe3+ 0-1

[Event "SV Günnigfeld 1 - SV Wattenscheid 3"]
[Site "Verbandsklasse - Gruppe 1 201"]
[Date "2018.12.02"]
[Round "4.5"]
[White "Thon, Manfred"]
[Black "Funke, Eckhard"]
[Result "1/2-1/2"]
[WhiteElo "1839"]
[BlackElo "1818"]
[PlyCount "46"]
[EventDate "2018.??.??"]

1. d4 d5 2. c4 e6 3. Nc3 Nf6 4. cxd5 exd5 5. Bg5 Be7 6. Qc2 c6 7. e3 O-O 8. Bd3
Nbd7 9. Nf3 Re8 10. h3 Nf8 11. O-O Ne4 12. Bxe7 Qxe7 13. Nd2 Bf5 14. Rfe1 Bg6
15. Ndxe4 dxe4 16. Bc4 Nd7 17. a3 Nb6 18. Ba2 Kh8 19. Rac1 f5 20. Qe2 Bf7 21.
Bxf7 Qxf7 22. Red1 Rad8 23. Rc2 Rd6 1/2-1/2

[Event "SV Günnigfeld 1 - SV Wattenscheid 3"]
[Site "Verbandsklasse - Gruppe 1 201"]
[Date "2018.12.02"]
[Round "4.6"]
[White "Brinkmann, Uwe"]
[Black "Doehmann, Joerg"]
[Result "1-0"]
[WhiteElo "1931"]
[BlackElo "1717"]
[PlyCount "85"]
[EventDate "2018.??.??"]

1. d4 d5 2. Nf3 Nf6 3. Bf4 e6 4. e3 Bd6 5. Bg3 O-O 6. Nbd2 b6 7. Bd3 Bb7 8. Ne5
Ne4 9. Qh5 g6 10. Qh6 Qg5 11. Qxg5 Nxg5 12. Nef3 Nxf3+ 13. Nxf3 Bxg3 14. hxg3
f6 15. O-O-O Nc6 16. Rh6 Kg7 17. Rdh1 Rh8 18. c3 Ne7 19. g4 Ng8 20. R6h4 Ne7
21. g5 f5 22. Ne5 Rad8 23. Bb5 c6 24. Ba4 b5 25. Bc2 Nc8 26. Nd3 Nd6 27. Nc5
Bc8 28. f4 Nf7 29. Bd1 h6 30. gxh6+ Rxh6 31. g4 Rxh4 32. Rxh4 Rh8 33. Rxh8 Nxh8
34. g5 Nf7 35. Be2 Nd6 36. Kc2 Kf8 37. Kb3 Ke7 38. Kb4 Kd8 39. a4 bxa4 40. Kxa4
Kc7 41. Ka5 Nb7+ 42. Nxb7 Bxb7 43. Bh5 1-0

[Event "SV Günnigfeld 1 - SV Wattenscheid 3"]
[Site "Verbandsklasse - Gruppe 1 201"]
[Date "2018.12.02"]
[Round "4.7"]
[White "Schlee, Ulrich"]
[Black "Brandhoff, Gerd"]
[Result "1-0"]
[WhiteElo "1714"]
[BlackElo "1780"]
[PlyCount "53"]
[EventDate "2018.??.??"]

1. e4 e5 2. Nf3 Nc6 3. d4 exd4 4. Bc4 Nf6 5. e5 d5 6. Bb5 Nd7 7. O-O Be7 8. Re1
O-O 9. Bxc6 bxc6 10. Nxd4 Bb7 11. Qg4 c5 12. Bh6 g6 13. Bxf8 Nxf8 14. Nf5 Bc8
15. Nxe7+ Qxe7 16. Qg3 Rb8 17. Nc3 c6 18. b3 Bf5 19. e6 Rb4 20. exf7+ Qxf7 21.
Qd6 Ne6 22. Qxc6 Rg4 23. Nxd5 Kg7 24. Ne3 Be4 25. Qd6 Rg5 26. Rad1 Qf3 27. Qe7+
1-0

[Event "SV Günnigfeld 1 - SV Wattenscheid 3"]
[Site "Verbandsklasse - Gruppe 1 201"]
[Date "2018.12.02"]
[Round "4.8"]
[White "Bauer, Matthias"]
[Black "Kotulla, Guenter"]
[Result "1/2-1/2"]
[WhiteElo "1550"]
[BlackElo "1750"]
[PlyCount "49"]
[EventDate "2018.??.??"]

1. d4 d5 2. Nf3 Bf5 3. e3 Nf6 4. Bd3 Bxd3 5. Qxd3 e6 6. c3 Nbd7 7. Nbd2 c5 8.
O-O Bd6 9. Re1 O-O 10. e4 dxe4 11. Nxe4 Nxe4 12. Qxe4 Qc7 13. Be3 Nf6 14. Qh4
c4 15. Bg5 Be7 16. Bf4 Qd8 17. Bg5 Rc8 18. Nd2 Rc7 19. Ne4 Nd5 20. Bxe7 Nxe7
21. Re3 Nf5 22. Qxd8 Rxd8 23. Re2 Rd5 24. Nd2 h6 25. Rae1 1/2-1/2

[Event "Sport Union Annen 1 - SC Werl 1981 1"]
[Site "Verbandsklasse - Gruppe 1 201"]
[Date "2018.12.02"]
[Round "4.2"]
[White "Wicht, Juergen"]
[Black "Lampe, Thomas"]
[Result "1-0"]
[WhiteElo "2001"]
[BlackElo "1967"]
[PlyCount "47"]
[EventDate "2018.??.??"]

1. d4 Nf6 2. c4 c5 3. d5 b5 4. cxb5 a6 5. b6 Qxb6 6. Nc3 d6 7. e4 e5 8. Be2 g6
9. h3 Bg7 10. Nf3 O-O 11. O-O Bd7 12. a4 a5 13. Nd2 Na6 14. Nc4 Qc7 15. f4 Ne8
16. fxe5 dxe5 17. Bg5 f6 18. d6 Qd8 19. Qd5+ Kh8 20. Nxe5 Qc8 21. Nxd7 Nb4 22.
Qe6 Nc2 23. Nxf8 Nxa1 24. d7 1-0

[Event "Sport Union Annen 1 - SC Werl 1981 1"]
[Site "Verbandsklasse - Gruppe 1 201"]
[Date "2018.12.02"]
[Round "4.3"]
[White "Beulertz, Stefan"]
[Black "Sondermann, Dirk"]
[Result "1-0"]
[WhiteElo "2007"]
[BlackElo "1862"]
[PlyCount "99"]
[EventDate "2018.??.??"]

1. e4 e6 2. d3 d5 3. Qe2 Nf6 4. Nf3 c5 5. g3 Nc6 6. Bg2 dxe4 7. dxe4 e5 8. c3
Be7 9. O-O O-O 10. Na3 a6 11. Nc4 Qc7 12. Bg5 h6 13. Bxf6 Bxf6 14. Ne3 Be6 15.
Nd5 Bxd5 16. exd5 Nb8 17. Nd2 Nd7 18. a4 Be7 19. a5 Bd6 20. Nc4 Rae8 21. Qh5
Kh7 22. Qf5+ g6 23. Qc2 f5 24. Rad1 e4 25. Qb3 Rb8 26. f3 exf3 27. Bxf3 b5 28.
axb6 Nxb6 29. Nxd6 Qxd6 30. Rfe1 Nd7 31. Qa3 Rfe8 32. b4 cxb4 33. cxb4 Ne5 34.
Bg2 Ng4 35. Qc3 Rbc8 36. Qd4 Nf6 37. Rxe8 Rxe8 38. Qc5 Qe5 39. d6 Nd7 40. Qa7
Qe6 41. Bd5 Qe3+ 42. Qxe3 Rxe3 43. Bc6 Ne5 44. Bb7 Rb3 45. d7 Nxd7 46. Rxd7+
Kh8 47. Rd4 a5 48. Rd8+ Kg7 49. Rd7+ Kf6 50. bxa5 1-0

[Event "Sport Union Annen 1 - SC Werl 1981 1"]
[Site "Verbandsklasse - Gruppe 1 201"]
[Date "2018.12.02"]
[Round "4.4"]
[White "McAdam, Mark"]
[Black "Brunberg, Ingo"]
[Result "1-0"]
[WhiteElo "1978"]
[BlackElo "1801"]
[Annotator "Daniel"]
[PlyCount "113"]
[EventDate "2018.??.??"]

1. d4 Nf6 2. Nf3 g6 3. c4 Bg7 4. Nc3 O-O 5. g3 d6 6. Bg2 Nbd7 7. O-O c6 8. b3
Qa5 9. Bb2 e5 10. a3 a6 11. b4 Qc7 12. b5 e4 13. Nd2 d5 14. e3 Nb6 15. bxc6
bxc6 16. Rc1 Qb7 17. c5 Nbd7 18. Na4 Rb8 19. Bc3 Qc7 20. Nb3 Ne8 21. Ba5 Qb7
22. Bb6 Ndf6 23. Na5 Qd7 24. Rb1 Kh8 25. Nc3 Ng8 26. Rb2 f5 27. Na2 Ne7 28. Nb4
Nc7 29. Qe2 Ra8 30. Rfb1 h6 31. Na2 Kh7 32. Bxc7 Qxc7 33. Rb6 Ra7 34. Nb4 Rf6
35. Bf1 g5 36. Nxa6 Bxa6 37. Rxa6 f4 38. Rbb6 fxg3 39. hxg3 Rxa6 40. Rxa6 Nf5
41. Qe1 h5 42. Rb6 g4 43. Be2 Rg6 44. Rb7 Qd8 45. Rf7 Ne7 $11 46. Nb7 Qe8 47.
Nd6 Qd8 48. a4 Rxd6 49. cxd6 Qxd6 50. a5 Kg6 51. Rxe7 Qxe7 52. Qc3 Qb7 53. a6
Qb6 54. Qc5 Bxd4 55. Qxd4 Qb1+ 56. Bf1 Qa2 57. a7 1-0

[Event "Sport Union Annen 1 - SC Werl 1981 1"]
[Site "Verbandsklasse - Gruppe 1 201"]
[Date "2018.12.02"]
[Round "4.5"]
[White "Scheibe, Andreas"]
[Black "Hartung, Thomas"]
[Result "1/2-1/2"]
[WhiteElo "1788"]
[BlackElo "1922"]
[Annotator "Daniel"]
[PlyCount "137"]
[EventDate "2018.??.??"]

1. Nf3 Nf6 2. c4 g6 3. g3 Bg7 4. Bg2 c5 5. a3 Nc6 6. Nc3 O-O 7. Rb1 d6 8. b4
Bf5 9. d3 Qc8 10. bxc5 Bh3 11. O-O Bxg2 12. Kxg2 dxc5 13. Bd2 Rd8 14. Ne1 Qd7
15. f4 Na5 16. Nf3 Nc6 17. Ne1 b6 18. e4 Nd4 19. Be3 Ng4 20. Bg1 f5 21. h3 Nf6
22. e5 Qc6+ 23. Kh2 Ne8 24. Nd5 Rxd5 25. cxd5 Qxd5 26. Nf3 Qa2+ 27. Kh1 Qxa3
28. Nxd4 cxd4 29. Qb3+ Qxb3 30. Rxb3 e6 31. Bxd4 Nc7 32. Ra1 Nd5 33. Rba3 a5
34. Rb3 Ra6 35. Ra4 Bf8 36. Bf2 Bb4 37. Ra1 a4 38. Rbb1 a3 39. Be1 Bc5 40. Ra2
Bd4 41. Rb3 Bb2 42. Bb4 Nxb4 43. Rxb4 Kf8 44. Kg2 Ke7 45. Kf3 Kd7 46. Ke3 Kc6
47. Kd2 Ra5 48. d4 $11 b5 49. Kc2 Ra4 50. Rxa4 bxa4 51. Rxb2 axb2 52. Kxb2 h5
53. Ka3 Kd5 54. Kxa4 Kxd4 55. Kb5 h4 56. gxh4 Ke4 57. Kc5 Kxf4 58. Kd6 Kg3 59.
Kxe6 f4 60. Kd6 f3 61. e6 f2 62. e7 f1=Q 63. e8=Q Kxh4 64. Qh8+ Kg3 65. Qc3+
Kg2 66. Qd2+ Kg1 67. Qe3+ Kh2 68. Qd2+ Kg3 69. Qg5+ 1/2-1/2

[Event "Sport Union Annen 1 - SC Werl 1981 1"]
[Site "Verbandsklasse - Gruppe 1 201"]
[Date "2018.12.02"]
[Round "4.6"]
[White "Al Ali, Mohammad"]
[Black "Zimmer, Sebastian"]
[Result "1-0"]
[WhiteElo "1819"]
[BlackElo "1654"]
[PlyCount "87"]
[EventDate "2018.??.??"]

1. d4 Nf6 2. c4 g6 3. Nc3 Bg7 4. e4 d6 5. f4 O-O 6. Nf3 c5 7. Be2 Bg4 8. d5 a6
9. O-O e6 10. a4 exd5 11. cxd5 Re8 12. Qc2 Nbd7 13. h3 Bxf3 14. Bxf3 Rb8 15. a5
b5 16. axb6 Qxb6 17. Kh2 Re7 18. Qa4 Ra8 19. Qc6 Ra7 20. Ra2 Qxc6 21. dxc6 Nb8
22. Nd5 Re8 23. c7 Nc6 24. Nxf6+ Bxf6 25. e5 Nxe5 26. fxe5 Bxe5+ 27. Kh1 Rc8
28. Bd2 Raxc7 29. Rxa6 Bxb2 30. Rxd6 c4 31. Rb6 Bd4 32. Ra6 c3 33. Bf4 Rc5 34.
Rc1 Rf5 35. Bg4 Rxf4 36. Bxc8 Kg7 37. Rc6 Rf2 38. Ba6 Ra2 39. Bc4 Rb2 40. Rc7
c2 41. Rxf7+ Kh6 42. Bd3 Be3 43. Rxc2 Rb1+ 44. Rf1 1-0

[Event "Sport Union Annen 1 - SC Werl 1981 1"]
[Site "Verbandsklasse - Gruppe 1 201"]
[Date "2018.12.02"]
[Round "4.7"]
[White "Krahn, Reinhard"]
[Black "Jeschke, Holger"]
[Result "1/2-1/2"]
[WhiteElo "1735"]
[BlackElo "1892"]
[PlyCount "53"]
[EventDate "2018.??.??"]

1. e4 c6 2. d4 d5 3. Nd2 dxe4 4. Nxe4 Nf6 5. Nxf6+ gxf6 6. Bc4 Bf5 7. c3 e6 8.
Bf4 Bd6 9. Bh6 Nd7 10. Ne2 Qc7 11. h3 O-O-O 12. Qd2 Rhg8 13. g3 b5 14. Bd3 Bxd3
15. Qxd3 f5 16. Bf4 Nf6 17. a4 Bxf4 18. Nxf4 a6 19. axb5 axb5 20. O-O Qxf4 21.
Kh2 Qc7 22. c4 Qb6 23. cxb5 Rxd4 24. Qa3 Kd7 25. bxc6+ Kxc6 26. Qe7 Rd2 27.
Qxf7 1/2-1/2

[Event "Sport Union Annen 1 - SC Werl 1981 1"]
[Site "Verbandsklasse - Gruppe 1 201"]
[Date "2018.12.02"]
[Round "4.8"]
[White "Leckebusch, Hans Peter"]
[Black "Hering, Christian"]
[Result "1/2-1/2"]
[WhiteElo "1721"]
[BlackElo "1537"]
[PlyCount "87"]
[EventDate "2018.??.??"]

1. d4 d5 2. e3 Nf6 3. c4 c6 4. Nc3 Bf5 5. Bd3 Bxd3 6. Qxd3 g6 7. cxd5 cxd5 8.
Qb5+ Qd7 9. Nf3 a6 10. Qxd7+ Nbxd7 11. Bd2 e6 12. O-O Bd6 13. Rfc1 O-O 14. Na4
Rac8 15. b4 b5 16. Nc5 Rc6 17. Nb7 Rb6 18. Nc5 Rc8 19. Be1 Rbc6 20. a4 Nb6 21.
axb5 axb5 22. Ra6 Nc4 23. Rxc6 Rxc6 24. Ra1 Rc7 25. Ra6 Be7 26. Kf1 h6 27. Ke2
Kg7 28. Rxe6 Bxc5 29. Rxf6 Kxf6 30. dxc5 Ke7 31. Bc3 Ra7 32. Nd4 Ra2+ 33. Ke1
Na3 34. Kf1 Kd7 35. g3 h5 36. h3 Kc7 37. Kg2 Kb7 38. Kf3 Ka6 39. Nc6 Rc2 40.
Be1 g5 41. Ne7 Rc1 42. Bd2 Rd1 43. Bc3 Nc2 44. Ke2 1/2-1/2

[Event "SK Germania Kupferdreh 1 - SC Buer-Hass"]
[Site "Verbandsklasse - Gruppe 2 201"]
[Date "2018.12.02"]
[Round "4.1"]
[White "Griebl, Joern"]
[Black "Unteregge, Michael"]
[Result "1-0"]
[WhiteElo "2173"]
[BlackElo "2018"]
[PlyCount "105"]
[EventDate "2018.??.??"]

1. Nf3 Nf6 2. c4 b6 3. d4 e6 4. Nc3 Bb7 5. Bg5 Be7 6. e3 O-O 7. Bd3 d5 8. cxd5
Nxd5 9. Bxe7 Qxe7 10. Nxd5 Bxd5 11. O-O Rc8 12. Qc2 h6 13. Bh7+ Kh8 14. Be4 c5
15. Bxd5 exd5 16. dxc5 Rxc5 17. Qd2 Qe4 18. Rac1 Nd7 19. Rxc5 Nxc5 20. Rd1 Rd8
21. Nd4 Ne6 22. f3 Qh4 23. Nc6 Rd6 24. Nxa7 Ng5 25. Nb5 Rg6 26. Kh1 Ne6 27. Qe2
Rg5 28. Nd4 Rh5 29. g4 Re5 30. Nf5 Qd8 31. Qf2 Qa8 32. b3 Qc8 33. Qb2 f6 34. f4
Re4 35. Nd6 Qc6 36. Nxe4 d4 37. Rxd4 Nxd4 38. Qxd4 Qc1+ 39. Kg2 Qc2+ 40. Nf2
Qxa2 41. Qxb6 Qa8+ 42. e4 h5 43. gxh5 f5 44. h6 fxe4 45. hxg7+ Kxg7 46. Qd4+
Kg8 47. Qxe4 Qa7 48. Qe6+ Kh8 49. Ng4 Qa2+ 50. Kg3 Qd2 51. Kh4 Qg2 52. Kg5 Qh3
53. Qh6+ 1-0

[Event "SK Germania Kupferdreh 1 - SC Buer-Hass"]
[Site "Verbandsklasse - Gruppe 2 201"]
[Date "2018.12.02"]
[Round "4.2"]
[White "Krimphoff, Ingo"]
[Black "Bossy, Arnim"]
[Result "0-1"]
[WhiteElo "1930"]
[BlackElo "2117"]
[PlyCount "64"]
[EventDate "2018.??.??"]

1. Nf3 f5 2. d3 Nc6 3. g3 Nf6 4. Bg2 g6 5. c4 Bg7 6. Nc3 O-O 7. O-O d6 8. Rb1
a5 9. a3 Nh5 10. Qc2 f4 11. Nd5 e5 12. b4 axb4 13. axb4 Bg4 14. Bb2 Ne7 15. Ng5
c6 16. Nc3 h6 17. Nge4 Qd7 18. b5 Nf5 19. Qd2 Nd4 20. bxc6 bxc6 21. c5 f3 22.
exf3 Nxf3+ 23. Bxf3 Bxf3 24. Nd1 d5 25. Nd6 d4 26. Ba1 Nf4 27. Re1 Qh3 28. Ne3
dxe3 29. fxe3 Nxd3 30. Rf1 Nxc5 31. Rf2 Ne4 32. Nxe4 Bxe4 0-1

[Event "SK Germania Kupferdreh 1 - SC Buer-Hass"]
[Site "Verbandsklasse - Gruppe 2 201"]
[Date "2018.12.02"]
[Round "4.3"]
[White "Wolff, Christoph"]
[Black "PraemaÃŸing, Reiner"]
[Result "1-0"]
[WhiteElo "1973"]
[BlackElo "1834"]
[PlyCount "45"]
[EventDate "2018.??.??"]

1. e4 e6 2. d4 d5 3. exd5 exd5 4. Nf3 Bg4 5. h3 Qe7+ 6. Be3 Bxf3 7. Qxf3 Nf6 8.
Bd3 Qb4+ 9. Nd2 Bd6 10. O-O Nbd7 11. c4 c5 12. a3 Qb6 13. b4 Qc6 14. bxc5 Bc7
15. cxd5 Nxd5 16. Qe4+ Kf8 17. Bc4 N7f6 18. Qd3 a6 19. Ne4 Nxe3 20. fxe3 Qxe4
21. Qxe4 Nxe4 22. Rxf7+ Ke8 23. Rxc7 1-0

[Event "SK Germania Kupferdreh 1 - SC Buer-Hass"]
[Site "Verbandsklasse - Gruppe 2 201"]
[Date "2018.12.02"]
[Round "4.4"]
[White "Zagrabski, Kevin"]
[Black "Wiechen, Ulrich"]
[Result "1-0"]
[WhiteElo "1871"]
[BlackElo "1929"]
[PlyCount "82"]
[EventDate "2018.??.??"]

1. d4 d5 2. Bf4 Nf6 3. Nf3 Bf5 4. e3 e6 5. Bd3 Ne4 6. Nbd2 Bd6 7. Bg3 c6 8. Ne5
f6 9. Bxe4 dxe4 10. Nec4 Bxg3 11. hxg3 b5 12. Na3 Nd7 13. Rh4 g5 14. Qh5+ Bg6
15. Qxg6+ hxg6 16. Rxh8+ Nf8 17. Nxe4 Qe7 18. Nc5 e5 19. c3 Qg7 20. Rh1 exd4
21. cxd4 Qf7 22. Nb1 O-O-O 23. Nd2 f5 24. Ndb3 f4 25. gxf4 gxf4 26. Rc1 fxe3
27. fxe3 Re8 28. Rh3 Qd5 29. Kf2 Re7 30. Rf3 Nd7 31. Nd3 Qe4 32. Nb4 Nb8 33. a3
Qh4+ 34. Kg1 Kb7 35. Na5+ Ka8 36. Naxc6 Rc7 37. Rf8 Rb7 38. Na6 Qg3 39. Re8 Rb6
40. Naxb8 Kb7 41. Na5+ Ka8 1-0

[Event "SK Germania Kupferdreh 1 - SC Buer-Hass"]
[Site "Verbandsklasse - Gruppe 2 201"]
[Date "2018.12.02"]
[Round "4.5"]
[White "Hirschberg, Markus"]
[Black "Bauriedel, Friedrich"]
[Result "1/2-1/2"]
[WhiteElo "1797"]
[BlackElo "1838"]
[PlyCount "70"]
[EventDate "2018.??.??"]

1. e4 c5 2. Nf3 Nf6 3. Nc3 d5 4. Bb5+ Bd7 5. Qe2 dxe4 6. Nxe4 Nxe4 7. Bxd7+
Qxd7 8. Qxe4 Nc6 9. O-O e6 10. b3 Be7 11. Bb2 O-O 12. Qg4 f6 13. Rfe1 Nd8 14.
Rad1 Qc7 15. Re2 e5 16. Nh4 Bd6 17. Nf5 Nc6 18. Re3 Rad8 19. c3 Rd7 20. Rde1 e4
21. Qxe4 Bxh2+ 22. Kh1 Bf4 23. Qc4+ Kh8 24. Re8 Rd8 25. Rxf8+ Rxf8 26. Qxc5 Qf7
27. Nd6 Bxd6 28. Qxd6 Rd8 29. Qf4 Qh5+ 30. Kg1 Ne5 31. Ba3 h6 32. Rf1 Rd3 33.
f3 Ng6 34. Qb8+ Kh7 35. Rf2 Qa5 1/2-1/2

[Event "SK Germania Kupferdreh 1 - SC Buer-Hass"]
[Site "Verbandsklasse - Gruppe 2 201"]
[Date "2018.12.02"]
[Round "4.6"]
[White "Degner, Friedhelm"]
[Black "Strohmann, Andreas"]
[Result "0-1"]
[WhiteElo "1816"]
[BlackElo "1865"]
[PlyCount "76"]
[EventDate "2018.??.??"]

1. f4 d5 2. e3 Nf6 3. Be2 e6 4. Nf3 c5 5. O-O Bd6 6. Ne5 Nbd7 7. d4 cxd4 8.
exd4 Qb6 9. Kh1 Ne4 10. c3 Ndf6 11. Qb3 Qxb3 12. axb3 Bd7 13. Nxd7 Kxd7 14. Na3
a6 15. Be3 h5 16. g3 Ng4 17. Bg1 Nd2 18. Rfd1 Nxb3 19. Rab1 b5 20. h3 Nf6 21.
Bd3 Rac8 22. Be3 Bxa3 23. Bc2 Na5 24. bxa3 Rxc3 25. Bd2 Rxc2 26. Bxa5 Ne4 27.
Kg1 Nxg3 28. a4 Rb8 29. Be1 Ne2+ 30. Kh1 Nxf4 31. Bg3 g5 32. Rf1 b4 33. Bxf4
gxf4 34. Rxf4 b3 35. Rxf7+ Kd6 36. a5 b2 37. Rff1 Rbc8 38. Rg1 R8c3 0-1

[Event "SK Germania Kupferdreh 1 - SC Buer-Hass"]
[Site "Verbandsklasse - Gruppe 2 201"]
[Date "2018.12.02"]
[Round "4.7"]
[White "Lazarev, Vadim"]
[Black "Schaefer, Johannes"]
[Result "0-1"]
[WhiteElo "1755"]
[BlackElo "1667"]
[PlyCount "100"]
[EventDate "2018.??.??"]

1. e4 e5 2. Nf3 Nc6 3. Bc4 Bc5 4. O-O Nf6 5. d3 d6 6. Be3 a6 7. Nc3 Bg4 8. Nd5
Nd4 9. Bxd4 Bxd4 10. c3 Ba7 11. Ne3 Qd7 12. Nxg4 Qxg4 13. d4 exd4 14. cxd4 O-O
15. e5 dxe5 16. dxe5 Qxc4 17. exf6 Rad8 18. fxg7 Rfe8 19. Qc1 Qxc1 20. Raxc1
Re2 21. Rxc7 Rxb2 22. Ng5 Rxf2 23. Rxb7 Be3 24. Rfb1 Rfd2+ 25. Kf1 Bxg5 26. a4
Rd1+ 27. Rxd1 Rxd1+ 28. Ke2 Rd4 29. a5 Rd5 30. Ra7 Re5+ 31. Kf3 Rxa5 32. g3
Kxg7 33. h4 Bf6 34. h5 Ra4 35. g4 Bg5 36. Ra8 a5 37. Ra7 Rf4+ 38. Kg3 a4 39.
Ra5 h6 40. Ra7 Rb4 41. Kf3 Rb3+ 42. Ke4 Rg3 43. Kf5 Rf3+ 44. Ke5 Rf4 45. Ra8
Rxg4 46. Kf5 Rb4 47. Ra7 Bd2 48. Ra8 Rb5+ 49. Kg4 Ra5 50. Rd8 a3 0-1

[Event "SK Germania Kupferdreh 1 - SC Buer-Hass"]
[Site "Verbandsklasse - Gruppe 2 201"]
[Date "2018.12.02"]
[Round "4.8"]
[White "Kaesemann, Holger"]
[Black "Wingerning, Gerd"]
[Result "1-0"]
[WhiteElo "1602"]
[BlackElo "1738"]
[PlyCount "67"]
[EventDate "2018.??.??"]

1. e4 d5 2. exd5 Qxd5 3. Nf3 Nf6 4. d4 Bg4 5. Be2 e6 6. c4 Qa5+ 7. Bd2 Bb4 8.
Qb3 Bxd2+ 9. Nbxd2 Nbd7 10. O-O Qb6 11. Qa3 c5 12. dxc5 Qxc5 13. b4 Qe7 14. h3
Bh5 15. c5 O-O 16. Rfe1 a5 17. bxa5 Qxc5 18. Qxc5 Nxc5 19. Nb3 Rfc8 20. Ne5
Bxe2 21. Rxe2 Nce4 22. Nd7 Nxd7 23. Rxe4 Rc2 24. Rb4 Rb8 25. Rd1 Nf8 26. a4 Rc6
27. Rb6 Rc4 28. a6 Rxa4 29. axb7 Rc4 30. Rdd6 Rc7 31. Na5 Nd7 32. Rbc6 Rxc6 33.
Rxc6 Kf8 34. Rc8+ 1-0

[Event "SC Gerthe - Werne 1 - SV Unser Fritz 1"]
[Site "Verbandsklasse - Gruppe 2 201"]
[Date "2018.12.02"]
[Round "4.1"]
[White "Mueller, Martin"]
[Black "Quast, Marcel"]
[Result "0-1"]
[WhiteElo "2011"]
[BlackElo "2207"]
[PlyCount "56"]
[EventDate "2018.??.??"]

1. e4 Nf6 2. e5 Nd5 3. d4 d6 4. Nf3 dxe5 5. Nxe5 c6 6. Bc4 Nd7 7. f4 Nxe5 8.
fxe5 Be6 9. Qe2 g6 10. O-O Bg7 11. c3 O-O 12. Nd2 c5 13. Nf3 cxd4 14. Nxd4 Qc7
15. Nxe6 fxe6 16. Bg5 Rad8 17. Rxf8+ Rxf8 18. Bxd5 exd5 19. Re1 Rf5 20. Qd2
Rxe5 21. Rf1 Qb6+ 22. Kh1 Qe6 23. Qf4 h6 24. Bxh6 Rf5 25. Qb8+ Kh7 26. Bf4 Be5
27. Qxb7 Bxf4 28. Qb5 Bd6 0-1

[Event "SC Gerthe - Werne 1 - SV Unser Fritz 1"]
[Site "Verbandsklasse - Gruppe 2 201"]
[Date "2018.12.02"]
[Round "4.2"]
[White "BrueggestraÃŸ, Volker"]
[Black "Rutz, Dirk"]
[Result "0-1"]
[WhiteElo "2017"]
[BlackElo "1973"]
[PlyCount "58"]
[EventDate "2018.??.??"]

1. e4 d6 2. d4 Nf6 3. Nc3 g6 4. f4 Bg7 5. Nf3 O-O 6. Bd3 c5 7. dxc5 dxc5 8. e5
Nd5 9. O-O Nxc3 10. bxc3 Nc6 11. Qe2 Bg4 12. Rb1 Qc7 13. Be3 b6 14. h3 Bxf3 15.
Rxf3 f6 16. e6 f5 17. Bd2 Rad8 18. g4 Kh8 19. gxf5 c4 20. Bxc4 Rxf5 21. Bd3 Rf6
22. Re1 Qd6 23. Rf2 Bh6 24. Qg4 Rdf8 25. Qh4 Bxf4 26. Ref1 Bxd2 27. Rxf6 exf6
28. Bxg6 Qe7 29. Rd1 Rg8 0-1

[Event "SC Gerthe - Werne 1 - SV Unser Fritz 1"]
[Site "Verbandsklasse - Gruppe 2 201"]
[Date "2018.12.02"]
[Round "4.3"]
[White "Singbeil, Holger"]
[Black "Gottmann, Bernd"]
[Result "0-1"]
[WhiteElo "1952"]
[BlackElo "1952"]
[PlyCount "122"]
[EventDate "2018.??.??"]

1. Nf3 g6 2. c4 Bg7 3. g3 c5 4. Nc3 Nc6 5. Bg2 d6 6. O-O e6 7. e3 Nge7 8. Qe2
O-O 9. d3 b6 10. Rd1 a6 11. d4 Qc7 12. b3 Bb7 13. Bb2 Rad8 14. Rd2 cxd4 15.
Nxd4 Nxd4 16. exd4 Bxg2 17. Kxg2 Qb7+ 18. Kg1 d5 19. Qf3 Rd7 20. Ne2 dxc4 21.
Qxb7 Rxb7 22. bxc4 Rc8 23. Rc2 b5 24. c5 Rd7 25. Rd1 Nc6 26. Rcd2 Rcd8 27. f4
Na5 28. Rd3 Nc4 29. Bc1 Bf8 30. c6 Rc7 31. d5 exd5 32. Rxd5 Bc5+ 33. Kh1 Rxd5
34. Rxd5 Rxc6 35. f5 Be3 36. fxg6 hxg6 37. Bxe3 Nxe3 38. Re5 Ng4 39. Re8+ Kg7
40. Nd4 Rd6 41. Nb3 Kf6 42. h3 Ne5 43. Nc5 Rc6 44. Ne4+ Kf5 45. Nf2 Rc2 46. Kg1
Rxa2 47. Rb8 Rc2 48. Ra8 Rc6 49. Kf1 b4 50. Rb8 Rc1+ 51. Ke2 Nc6 52. Rb6 Rc2+
53. Ke3 Rc3+ 54. Kd2 a5 55. Rb5+ Ke6 56. Ne4 Ra3 57. Rc5 Nd4 58. Ng5+ Ke7 59.
Rc7+ Kf6 60. h4 Nf3+ 61. Kc2 Nxg5 0-1

[Event "SC Gerthe - Werne 1 - SV Unser Fritz 1"]
[Site "Verbandsklasse - Gruppe 2 201"]
[Date "2018.12.02"]
[Round "4.4"]
[White "Berens, Thomas"]
[Black "Jungbluth, Michael"]
[Result "0-1"]
[WhiteElo "1831"]
[BlackElo "1929"]
[PlyCount "70"]
[EventDate "2018.??.??"]

1. c4 Nf6 2. Nc3 g6 3. d4 Bg7 4. e4 d6 5. f3 O-O 6. Be3 e5 7. d5 Nh5 8. Qd2 f5
9. Bd3 Nd7 10. O-O-O Nc5 11. Bc2 b6 12. Nge2 fxe4 13. Nxe4 Nxe4 14. Bxe4 Nf6
15. Nc3 Bf5 16. Rdf1 Bxe4 17. Nxe4 Nxe4 18. fxe4 Qh4 19. Rxf8+ Rxf8 20. Qd3 Bh6
21. g3 Qh5 22. Bxh6 Qxh6+ 23. Kc2 Rf2+ 24. Kc3 Qh5 25. Rf1 Qxh2 26. Rxf2 Qxf2
27. a3 g5 28. b3 h5 29. a4 a5 30. b4 Qe1+ 31. Kc2 axb4 32. Qf3 Qc3+ 33. Qxc3
bxc3 34. Kxc3 h4 35. gxh4 gxh4 0-1